000 01228 a2200253 4500
003 Nust
005 20220815114513.0
010 _a 2005274687
020 _a0750678410 (alk. paper)
035 _a(OCoLC)ocm57707468
040 _cNust
082 0 0 _a621.38159,THE
245 0 0 _aData conversion handbook /
_cEditor Walter Kester,
260 _aAmsterdam ;
_aBoston :
_bElsevier ;
_bNewnes,
_cc2005.
300 _axxi, 953 p. :
_bill. ;
_c25 cm.
440 0 _aAnalog Devices series
_997154
505 _aData converter history (Page-3), Fundamentals of sampled data systems (Page-57), Data converter architectures (Page-147), Data converter process technology (Page-257), Testing data converters (Page-283), Interfacing to data converters (Page-359), Data converter support circuits (Page-443), Data converter applications (Page-539), Hardware design techniques (Page-709),
650 0 _aTelecommunication Engineering.
700 1 _aKester, Walt.
_997155
710 2 _aAnalog Devices, inc.
_997156
856 4 2 _3Publisher description
_uhttp://www.loc.gov/catdir/enhancements/fy0626/2005274687-d.html
856 4 2 _3Table of contents only
_uhttp://www.loc.gov/catdir/enhancements/fy0626/2005274687-t.html
942 _cREF
_2ddc
999 _c213318
_d213318